Orden de detención de 11 de abril de 2000 : (la República Democrática del Congo contra Bélgica) (cuestiones de fondo)

Fallo de 14 de febrero de 2002.

Detalles Bibliográficos
Autor Corporativo: Corte Internacional de Justicia
Formato: Recurso en linea
Lenguaje:español
Acceso en línea:Acceso electrónico al documento

MARC

LEADER 00000cab a2200000 a 4500
001 024253
003 UAHC_CL
005 20251121173312.0
008 251121s2000 sl || || 000 s|spa
040 |a UAHC_CL  |c UAHC_CL  |d UAHC_CL 
110 |a Corte Internacional de Justicia  |9 22524 
245 |a Orden de detención de 11 de abril de 2000 :  |b (la República Democrática del Congo contra Bélgica) (cuestiones de fondo)   |c Corte Internacional de Justicia. 
264 |c 2000. 
300 |a 13 páginas. 
500 |a Sitio visitadohttps://www.dipublico.org/cij/doc/136.pdf el 20 de noviembre de 2025. 
520 |a Fallo de 14 de febrero de 2002. 
856 |y Acceso electrónico al documento  |u https://www.dipublico.org/cij/doc/136.pdf 
942 |c RL 
952 |0 0  |1 0  |2 ddc  |4 0  |6 RECURSO_ELECTRÓNICO  |7 0  |8 BAS  |9 101497  |a BR  |b BR  |c Digital  |d 2025-11-21  |l 0  |o Recurso electrónico  |r 2025-11-21 17:33:50  |w 2025-11-21  |y RL  |B DER 
999 |c 63188  |d 63188